LEADER 00832nam0-22003011i-450- 001 990002010860403321 005 20040615120358.0 035 $a000201086 035 $aFED01000201086 035 $a(Aleph)000201086FED01 035 $a000201086 100 $a20030910d1952----km-y0itay50------ba 101 0 $aeng 102 $aUS 105 $ay---a---001yy 200 1 $a<>textbook of arthropod anatomy$fR.E. Snodgrass 210 $aIthaca ; New York$cComstock Publ. Co.$d1952 215 $a363 p.$d23 cm 610 0 $aArtropodi 676 $a595.2 700 1$aSnodgrass,$bRobert Evans$f<1875-1962>$085262 801 0$aIT$bUNINA$gRICA$2UNIMARC 901 $aBK 912 $a990002010860403321 952 $a61 III E.3/17$b2472$fDAGEN 959 $aDAGEN 996 $aTextbook of arthropod anatomy$9402417 997 $aUNINA LEADER 00916nam a2200277 i 4500 001 991003421089707536 005 20020509121831.0 008 980219s1994 de ||| | ger 020 $a3406346375 035 $ab11158876-39ule_inst 035 $aPARLA181532$9ExL 040 $aDip.to Filosofia$bita 082 0 $a191 100 1 $aPogge, Thomas Winfried Menko$0473204 245 10$aJohn Rawls /$cThomas W. Pogge 250 $aOriginalausg. 260 $aMünchen :$bC.H. Beck,$c1994 300 $a212 p. :$bill. ;$c18 cm. 490 0 $aBeck'sche Reihe ;$vBsR 525 650 4$aRawls, John, 1921- 907 $a.b11158876$b23-02-17$c28-06-02 912 $a991003421089707536 945 $aLE005 191 RAW01. POG01. 01$g1$i2005000009020$lle005$o-$pE0.00$q-$rl$s- $t0$u0$v0$w0$x0$y.i11302021$z28-06-02 996 $aJohn Rawls$9872688 997 $aUNISALENTO 998 $ale005$b01-01-98$cm$da $e-$fger$gde $h0$i1